KOHA-Header-6

Essential Manager's Manual (Record no. 7223)

000 -LEADER
fixed length control field 00254nam a2200109Ia 4500
100 ## - MAIN ENTRY--AUTHOR NAME
Personal name Robert Heller
245 #0 - TITLE STATEMENT
Title Essential Manager's Manual
260 ## - PUBLICATION, DISTRIBUTION, ETC. (IMPRINT)
Place of publication USA
Name of publisher Dorling
Year of publication 1998
300 ## - PHYSICAL DESCRIPTION
Number of Pages 864
942 ## - ADDED ENTRY ELEMENTS (KOHA)
Koha item type Books
Holdings
Withdrawn status Lost status Collection code Permanent Location Current Location Shelving location Date acquired Full call number Accession Number Koha item type
    Management MAJU MAJU   2019-09-12 346.549 977 Management

Powered by Koha